000 00332 a2200145 4500
001 153442
040 _cEscola São Tomás de Aquino
100 _aSIMMEL, J.M.
240 1 0 _aÉ proibido chorar
_lpor
245 1 0 _aÉ proibido chorar
362 0 _a2000
440 1 _aNova Fronteira
697 _a*LITERATURA JUVENIL
942 _cBK
999 _c153442
_d153442